000 00463nam a2200181Ia 4500
005 20250326141815.0
008 250326s9999 xx 000 0 und d
037 _aTextbook
040 _aFMSL
_beng
_cFMSL
041 _aeng
_2eng
084 _qFMSL
100 _aNIL
245 0 _aHarvard Business Review No. 1,2, 3, Jan-June 1988
_cNIL
260 _aUSA
_bUSA, RR Donnelley & Sons
_c1988
300 _av..
942 _cTB
999 _c1292072
_d1292072